000 02138cam a22006014i 4500
003 PE-LiUPU
005 20250731170441.0
008 150625s2006 mx rb 000 0 spa d
020 _a9682475554
020 _a9789682475559
035 _a(Sirsi) i9789682475559
040 _aPE-LiUPU
_bspa
_cPE-LiUPU
_dPE-LiUPU
_erda
049 _aPRUA
082 0 4 _a155.67
_bH41
_221
100 1 _aHernández Flores, Luis Arturo,
_eautor.
245 1 0 _aManual práctico de la tercera edad /
_cLuis Arturo Hernández Flores y José Armando Peña Moreno.
264 1 _aMéxico :
_bTrillas,
_c2006.
300 _a77 páginas ;
_c27 centímetros
336 _atext
_2rdacontent
337 _aunmediated
_2rdamedia
338 _avolume
_2rdacarrier
504 _aIncluye bibliografía.
505 0 _aConvenio con el ámbito residencial -- Metodología del curso -- Técnicas grupales -- Cambios en el envejecimiento -- Caso clínico AVD -- Características ambientales -- Cartas descriptivas -- Estrategias de intervención -- Formato para la elaboración de reportes según el Manual de la APA.
526 _aSEG68
526 _aSEG70
526 _aSEG69
526 _aSEG67
526 _aSEG43
526 _aP144
526 _aP143
526 _aP131
526 _aP122
526 _aP120
526 _aP117
526 _aP112
526 _aP110
526 _aP106
526 _aP101
526 _aP80
526 _aP59
526 _aP54
526 _aP35
526 _aP33
526 _aP30
541 _g0012-0003324;
650 0 4 _aPsicología aplicada.
650 0 4 _aPsicología
_xEstudio y enseñanza.
942 _2ddc
_cBOOK
949 _a155.67 H41
_wDEWEY
_c1
_i56822
_lCCODEBUL1
_mBUL
_p6.00
_r0
_sY
_tBOOK
_u2015-6-25
_xSALUD
_PP33
_0COMPRA
_o.STAFF. Colección Ciencias de la Salud
994 _aC0
_bPEPRU
596 _a1
999 _a155.67 H41
_wDEWEY
_c45956
_i56822
_d45956
_e2018-9-11
_f2021-11-3
_g5
_lCCODEBUL1
_mBUL
_n1
_p6.00
_r0
_sY
_tBOOK
_u2015-6-25
_xSALUD
_zP33
_0COMPRA
_o.STAFF. Colección Ciencias de la Salud
980 _81
_gALBERTO SANCHEZ Responsable de Automatización